Digital and analog communication system
| Main Author: | |
|---|---|
| Format: | Section = Libro |
| Language: | Undetermined Spanish |
| Published: |
United States
Pearson Prentice Hall
2007
|
| Edition: | 7a.ed. |
| Subjects: |
| LEADER | 00670nam a2200229Ia 4500 | ||
|---|---|---|---|
| 008 | 240829s9999 xx 000 0 und d | ||
| 020 | |a 0-13-142292-0 | ||
| 040 | |a BIBLIOTECA-RUSB/ 621.382 C776 | ||
| 041 | |a spa | ||
| 082 | |a 621.382 C776 | ||
| 100 | 1 | |a Couch II, León W. | |
| 245 | 1 | 0 | |a Digital and analog communication system |
| 250 | |a 7a.ed. | ||
| 260 | |a United States |b Pearson Prentice Hall |c 2007 | ||
| 300 | |a 751 p. :il. | ||
| 650 | 7 | |a SISTEMAS DE TELECOMUNICACIÓN | |
| 650 | 7 | |b COMUNCACIÓN DIGITAL | |
| 650 | 7 | |c COMUNICACIONES DIGITALES ANALÓGICAS | |
| 650 | 7 | |d SSITEMAS MODULADOS - AM - FM Y DIGITAL | |
| 942 | |c BK |2 ddc | ||
| 991 | |a TEXTO | ||
| 999 | |c 3478 | ||